Genshin Impact special dishes (V.6.6) - Statistics

General Stats
  • This quiz has been taken 54 times
    10 since last reset
  • The average score is 100 of 113
Answer Stats
Picture Answer % Correct
Barbara
100%
Bennett
100%
Charlotte
100%
Chongyun
100%
Citlali
100%
Collei
100%
Cyno
100%
Dahlia
100%
Dori
100%
Durin
100%
Escoffier
100%
Flins
100%
Freminet
100%
Gorou
100%
Iansan
100%
Kachina
100%
Kamisato Ayaka
100%
Kamisato Ayato
100%
Kirara
100%
Layla
100%
Mika
100%
Nahida
100%
Navia
100%
Qiqi
100%
Rosaria
100%
Sangonomiya Kokomi
100%
Sayu
100%
Sucrose
100%
Xilonen
100%
Xinyan
100%
Yae Miko
100%
Yanfei
100%
Aino
88%
Albedo
88%
Alhaitham
88%
Aloy
88%
Amber
88%
Arataki Itto
88%
Arlecchino
88%
Candace
88%
Chasca
88%
Chevreuse
88%
Chiori
88%
Columbina
88%
Diluc
88%
Diona
88%
Emilie
88%
Eula
88%
Faruzan
88%
Fischl
88%
Furina
88%
Gaming
88%
Hu Tao
88%
Ifa
88%
Illuga
88%
Ineffa
88%
Jahoda
88%
Kaedehara Kazuha
88%
Kaeya
88%
Kaveh
88%
Kinich
88%
Klee
88%
Kujou Sara
88%
Lan Yan
88%
Lauma
88%
Linnea
88%
Lisa
88%
Lynette
88%
Lyney
88%
Mavuika
88%
Mona
88%
Nefer
88%
Nicole
88%
Ningguang
88%
Noelle
88%
Ororon
88%
Prune
88%
Razor
88%
Sethos
88%
Shenhe
88%
Shikanoin Heizou
88%
Sigewinne
88%
Skirk
88%
Tartaglia
88%
Thoma
88%
Tighnari
88%
Varesa
88%
Varka
88%
Venti
88%
Wanderer
88%
Wriothesley
88%
Xiangling
88%
Xiao
88%
Xingqiu
88%
Yelan
88%
Yoimiya
88%
Yumemizuki Mizuki
88%
Yun Jin
88%
Zhongli
88%
Zibai
88%
Clorinde
75%
Ganyu
75%
Jean
75%
Keqing
75%
Neuvillette
75%
Nilou
75%
Beidou
63%
Dehya
63%
Kuki Shinobu
63%
Mualani
63%
Xianyun
63%
Baizhu
50%
Yaoyao
50%
No matching quizzes found
Score Distribution
Percent of People with Each Score
Percentile by Number Answered
Your Score History
You have not taken this quiz since the last reset